[Event "Kiev Shystarev Memorial 1st"]
[Site "Kiev"]
[Date "2020.08.28"]
[Round "5"]
[White "Katsman, Mikhail"]
[Black "Malanukha, Margarita"]
[Result "1-0"]
[WhiteElo "2225"]
[BlackElo "1995"]
[PlyCount "63"]
[EventDate "2020.08.25"]
[EventType "swiss"]
[EventRounds "9"]
[EventCountry "UKR"]
[SourceTitle "EXT 2022"]
[Source "ChessBase"]
[SourceDate "2021.10.06"]
[SourceVersion "1"]
[SourceVersionDate "2021.10.06"]
[SourceQuality "1"]

1. e4 d6 2. d4 Nf6 3. Nc3 g6 4. h3 c6 5. Nf3 Bg7 6. Bf4 0-0 7. e5 dxe5 8. dxe5 Nd5 9. Nxd5 cxd5 10. Bd3 Nc6 11. a3 Qb6 12. Rb1 f6 13. exf6 exf6 14. 0-0 Be6 15. Re1 Bf7 16. Qd2 Rfe8 17. Bf1 Re4 18. b4 Rd8 19. Bd3 Ree8 20. Rxe8+ Rxe8 21. Re1 Ne5 22. Be2 Qc7 23. Be3 Nc4 24. Bxc4 Qxc4 25. Bxa7 Rxe1+ 26. Nxe1 Qa6 27. Bd4 Qxa3 28. Nf3 Be6 29. c3 Kf7 30. Qf4 Qa4 31. Ng5+ Ke7 32. Bc5+ 1-0

[Event "Kiev Shystarev Memorial 1st"]
[Site "Kiev"]
[Date "2020.08.27"]
[Round "4"]
[White "Malanukha, Margarita"]
[Black "Rakhmangulova, Anastasiya"]
[Result "1-0"]
[WhiteElo "1995"]
[BlackElo "2191"]
[PlyCount "115"]
[EventDate "2020.08.25"]
[EventType "swiss"]
[EventRounds "9"]
[EventCountry "UKR"]
[SourceTitle "EXT 2022"]
[Source "ChessBase"]
[SourceDate "2021.10.06"]
[SourceVersion "1"]
[SourceVersionDate "2021.10.06"]
[SourceQuality "1"]

1. Nf3 d5 2. g3 c6 3. Bg2 Bg4 4. 0-0 Nd7 5. d3 e5 6. e4 dxe4 7. dxe4 Ngf6 8. Qe2 Be7 9. Rd1 Qc7 10. Nbd2 0-0 11. Nc4 Bh5 12. b3 b5 13. Ncd2 Bc5 14. Bb2 Rfe8 15. a4 a6 16. h3 Nf8 17. c3 Ne6 18. b4 Bb6 19. Nb3 Rad8 20. c4 Rxd1+ 21. Rxd1 bxa4 22. c5 axb3 23. g4 Qb7 24. Bxe5 Bc7 25. Bxf6 Bg6 26. Bc3 Nf4 27. Qc4 Nxg2 28. Kxg2 Rxe4 29. Re1 Rxe1 30. Nxe1 Qc8 31. Qxb3 Be4+ 32. Kg1 Bd5 33. Qd1 h5 34. Ng2 f6 35. Ne3 Be6 36. g5 Bf7 37. Qf3 fxg5 38. Nf5 Qe6 39. Nxg7 Qb3 40. Nxh5 Qb1+ 41. Kg2 Bxh5 42. Qxh5 Qe4+ 43. Qf3 Qxf3+ 44. Kxf3 Kf7 45. Bd2 Be5 46. Ke4 Ke6 47. Be1 Bf6 48. f4 gxf4 49. Kxf4 Kd5 50. h4 a5 51. bxa5 Kxc5 52. h5 Kb5 53. h6 c5 54. h7 c4 55. Ke3 Bg5+ 56. Ke2 Bf6 57. Kd2 Kxa5 58. Kc2+ 1-0